| 000 | 00480pab a2200181 454500 | ||
|---|---|---|---|
| 008 | 180718b2001 xxu||||| |||| 00| 0 eng d | ||
| 100 | _aChandakavate, M.S. | ||
| 245 | _aEconomic reforms and Indian agriculture: some reflections | ||
| 260 | _c2001 | ||
| 300 | _ap.169-76 | ||
| 362 | _aAug | ||
| 650 | _aAgriculture - India | ||
| 650 | _aEconomic reform - India | ||
| 650 | _aEconomic reform | ||
| 700 | _aBiradar, R.R. | ||
| 773 | _aAsian Economic Review | ||
| 909 | _a50734 | ||
| 999 |
_c50734 _d50734 |
||